Illustrated Handbook of algorithms. (Record no. 411)

MARC details
000 -LEADER
fixed length control field 00866nam a2200205Ia 4500
003 - CONTROL NUMBER IDENTIFIER
control field PH-BoMPS
005 - DATE AND TIME OF LATEST TRANSACTION
control field 20240319121558.0
008 - FIXED-LENGTH DATA ELEMENTS--GENERAL INFORMATION
fixed length control field 220516s9999 xx 000 0 und d
020 ## - INTERNATIONAL STANDARD BOOK NUMBER
International Standard Book Number 9781680943672
040 ## - CATALOGING SOURCE
Transcribing agency MPSPC
082 ## - DEWEY DECIMAL CLASSIFICATION NUMBER
Classification number ITB 005.1 IL688 2019
099 ## - LOCAL FREE-TEXT CALL NUMBER (OCLC)
Classification number Illustrated Handbook of algorithms_ITB 005.1 IL688 2019
245 10 - TITLE STATEMENT
Title Illustrated Handbook of algorithms.
260 ## - PUBLICATION, DISTRIBUTION, ETC.
Place of publication, distribution, etc. New York :
Name of publisher, distributor, etc. 3G E-Learning,
Date of publication, distribution, etc. c2019
300 ## - PHYSICAL DESCRIPTION
Extent xi, 275 p.:
Other physical details ill.;
Dimensions 26 cm.
500 ## - GENERAL NOTE
General note Includes bibliographical references and index
520 ## - SUMMARY, ETC.
Summary, etc. Provides comprehensive coverage of design techniques of algorithms. The book also serves well as a supplementary text for a traditional modern algebra course, by presenting concrete applications to motivate the understanding of the theory of rings and fields.
650 ## - SUBJECT ADDED ENTRY--TOPICAL TERM
Topical term or geographic name entry element Computer algorithms
9 (RLIN) 4699
942 ## - ADDED ENTRY ELEMENTS (KOHA)
Source of classification or shelving scheme Dewey Decimal Classification
Koha item type BOOKS
Holdings
Withdrawn status Lost status Source of classification or shelving scheme Damaged status Not for loan Collection Home library Current library Shelving location Date acquired Full call number Barcode Date last seen Price effective from Koha item type
    Dewey Decimal Classification     Information Technology Book Bontoc Campus Library Bontoc Campus Library MPSU Bontoc Campus Library 1st Floor 05/24/2022 ITB 005.1 IL688 2019 B17843 05/24/2022 05/24/2022 BOOKS
    Dewey Decimal Classification     Information Technology Book Bontoc Campus Library Bontoc Campus Library MPSU Bontoc Campus Library 1st Floor 05/24/2022 ITB 005.1 IL688 2019 B17842 05/24/2022 05/24/2022 BOOKS